000 01162nam a2200313 i 4500
001 8070
003 KOSZ 005
005 20200504122923.0
008 080201s1964 pl a f 000 0 pol
015 _aPB 1964/1428
040 _aWA N
_cKOSZ 005/RW
_dKOSZ 005/RW
041 1 _apol
_hcze
080 _a666:553
100 1 _aHelan, Bedřich
_d(1903- ).
_eAutor.
245 1 0 _aWapno :
_bprodukcja i zastosowanie /
_cB. Helan, K. Klement ; tł., uzup. przypisami i przystosował do warunków pol. Teodor Karaim.
246 1 _iTyt. oryg.:
_aVápno :
_bvýroba i použití
260 _aWarszawa :
_b"Arkady",
_c1964.
300 _a268, [3] s. :
_bil. ;
_c23 cm.
380 _aKsiążki.
504 _aBibliogr. s. 267-[271].
521 8 _aDla personelu technicznego, użytkowników i uczniów wszystkich szkół ceramicznych i budowlanych.
650 4 _aWapień
650 4 _aWapno
700 1 _aKlement, Karel.
700 1 _aKaralm, Teodor.
_eTł.
710 2 _aWydawnictwo "Arkady".
_4pbl.
856 _uhttp://koha.tu.koszalin.pl/cgi-bin/koha/opac-detail.pl?biblionumber=8070
_yKatalog online BPK
942 _2UKD
_cKS
999 _c8070
_d8070